Desafíos éticos al final del siglo 20 (Registro nro. 52447)
[ vista simple ]
| 000 -LÍDER | |
|---|---|
| Campo fijo de descripción fija | 00789aab a2200193 i 4500 |
| 001 - NÚMERO DE CONTROL | |
| Campo de control | 768714001 |
| 003 - IDENTIFICADOR DEL NÚMERO DE CONTROL | |
| Campo de control | CO-MdFUSB |
| 005 - FECHA Y HORA DE LA ULTIMA TRANSACCIÓN | |
| control field | 20240423153331.0 |
| 008 - ELEMENTOS DE LONGITUD FIJA -- INFORMACIÓN GENERAL | |
| Campo fijo de descripción fija -- Información general | 240423t2000 ag ||||| |||| 00| 0 spa d |
| 040 ## - FUENTE DE CATALOGACIÓN | |
| Idioma de catalogación | spa |
| Agencia que realiza la transcripción | CO-MdFUSB |
| 041 ## - CÓDIGO DE IDIOMA | |
| Código de idioma para texto/pista de sonido o título separado | spa |
| 100 1# - ASIENTO PRINCIPAL--NOMBRE PERSONAL | |
| Nombre personal | Solano, Lilia |
| Término relacionador | autor |
| 245 10 - TÍTULO | |
| Título | Desafíos éticos al final del siglo 20 |
| Mención de responsabilidad | / Lilia Solano |
| 300 ## - DESCRIPCIÓN FÍSICA | |
| Extensión | Volumen 19, número 1 y 2 (enero - junio, 2000), páginas: 78-79 |
| Dimensiones | ; 27 cm |
| 520 ## - NOTA DE RESUMEN, ETC. | |
| Nota de sumario, etc. | Hay que volver a la noción de ser humano con otros como única posibilidad de ser. Y es que se trata de ser hombres y mujeres, personas; nunca individuos. |
| 650 #7 - ASIENTO SECUNDARIO DE MATERIA - TERMINO TEMÁTICO | |
| Término temático o nombre geográfico como elemento de entrada | Ética cristiana |
| 9 (RLIN) | 185 |
| 773 0# - ASIENTO DE ITEM FUENTE | |
| Título | Iglesia y Misión |
| Biblionumber | 49402 |
| Itemnumber | 59629 |
| Parte(s) relacionada(s) / Volumen., número. (mes año), páginas | Volumen 19, número 1 y 2 (enero - junio, 2000), páginas: 78-79 |
| Enumeración y primera página | páginas: 78 |
| 942 ## - TIPO DE MATERIAL (KOHA) | |
| Tipo de Item KOHA | Artículos de Revista |
No hay ítems disponibles.
